logo

Bir Sreshtho Munshi Abdur Rouf Library
Jhenaidah Cadet College

An approach to literature / (Record no. 8962)

MARC details
000 -LEADER
fixed length control field 00710cam a22002531 4500
001 - CONTROL NUMBER
JCCL Control Number 8962
003 - CONTROL NUMBER IDENTIFIER
JCCL marc code BD-JhCC
005 - DATE AND TIME OF LATEST TRANSACTION
control field 20180529122952.0
008 - FIXED-LENGTH DATA ELEMENTS--GENERAL INFORMATION
fixed length control field 750116s1952 nyu 000 0 eng
035 ## - SYSTEM CONTROL NUMBER
system control number (BD-JhCC)8962
040 ## - CATALOGING SOURCE
Original cataloging agency DLC
Transcribing agency OTU
Modifying agency OCoLC
-- DLC
041 ## - LANGUAGE CODE
Language code of Book eng
050 00 - LIBRARY OF CONGRESS CALL NUMBER
Classification number PR1109
Item number .B675 1952
082 ## - DEWEY DECIMAL CLASSIFICATION NUMBER
Classification number 820.82
Author mark and Year BRO 1952
100 1# - MAIN ENTRY--PERSONAL NAME
Personal name Brooks, Cleanth,
Dates associated with a name 1906-1994,
245 13 - TITLE STATEMENT
Title An approach to literature /
Statement of responsibility, etc Cleanth Brooks, John Thibaut Purser and Robert Penn Warren.
250 ## - EDITION STATEMENT
Edition statement 3d ed.
260 ## - PUBLICATION, DISTRIBUTION, ETC. (IMPRINT)
Place of publication, distribution, etc New York,
Name of publisher, distributor, etc Appleton-Century-Crofts
Date of publication, distribution, etc [1952]
300 ## - PHYSICAL DESCRIPTION
Pagination 820 p.
Dimensions 26 cm.
650 #0 - SUBJECT ADDED ENTRY--TOPICAL TERM
Topical term or geographic name as entry element English literature.
650 #0 - SUBJECT ADDED ENTRY--TOPICAL TERM
Topical term or geographic name as entry element American literature.
942 ## - ADDED ENTRY ELEMENTS (KOHA)
Source of classification or shelving scheme Dewey Decimal Classification
Koha item type Books
Holdings
Source of classification or shelving scheme Damaged status Not for loan Home library Current library Shelving location Date of accession Total Checkouts Full call number Barcode Date last seen Copy number Koha item type
Dewey Decimal Classification     JCC Rouf Library JCC Rouf Library General Stacks 03/06/2018   820.82 BRO 1952 11949 03/06/2018 C-1 Books

JCC Library | Contacts | JCC Home

Last Update on 23 September 2017
Copyright @ 2017-2020 JCC Rouf Library
Rouf Library, Jhenidah Cadet College (JCC), Bangladesh